[Event "Katowice rapid op"]
[Site "Katowice"]
[Date "2025.05.31"]
[Round "8"]
[White "Begier, Wlodzimierz"]
[Black "Stankowski, Wiktor"]
[Result "0-1"]
[WhiteElo "1545"]
[BlackElo "1735"]
[PlyCount "34"]
[EventDate "2025.05.31"]
[EventType "swiss"]
[EventRounds "11"]
[EventCountry "POL"]
[SourceTitle "CB24_2025"]
[SourceDate "2025.06.11"]
[SourceVersion "1"]
[SourceVersionDate "2025.06.11"]
[SourceQuality "1"]

1. e4 d5 2. exd5 Nf6 3. Nf3 Nxd5 4. d4 c5 5. Bb5+ Bd7 6. Bxd7+ Qxd7 7. 0-0 Nc6 8. dxc5 e6 9. c4 Nf6 10. Qxd7+ Nxd7 11. Be3 Bxc5 12. Bxc5 Nxc5 13. Rd1 0-0 14. Kf1 Rad8 15. Nc3 Nd3 16. Rd2 Nde5 17. Nxe5 Rxd2 0-1

[Event "Katowice rapid op"]
[Site "Katowice"]
[Date "2025.05.31"]
[Round "10"]
[White "Lewczuk, Antoni"]
[Black "Stankowski, Wiktor"]
[Result "0-1"]
[WhiteElo "1598"]
[BlackElo "1735"]
[PlyCount "104"]
[EventDate "2025.05.31"]
[EventType "swiss"]
[EventRounds "11"]
[EventCountry "POL"]
[SourceTitle "CB24_2025"]
[SourceDate "2025.06.11"]
[SourceVersion "1"]
[SourceVersionDate "2025.06.11"]
[SourceQuality "1"]

1. c4 Nf6 2. b3 e6 3. Bb2 d5 4. cxd5 exd5 5. g3 c5 6. Bg2 Be6 7. Nc3 Nc6 8. e3 Be7 9. Nge2 0-0 10. 0-0 a6 11. d4 cxd4 12. Nxd4 Nxd4 13. Qxd4 Rc8 14. Rac1 b5 15. Rfd1 Qd7 16. Ne2 Rxc1 17. Rxc1 Rc8 18. Rxc8+ Qxc8 19. Nf4 Qc6 20. h3 Bf8 21. Nxe6 fxe6 22. Qe5 Kf7 23. Bf3 Qc2 24. Kg2 Bb4 25. Bd4 Be1 26. e4 dxe4 27. Bxe4 Qxe4+ 28. f3 Qxe5 29. Bxe5 Nd5 30. Kf1 Bc3 31. Bd6 Ke8 32. Ke2 Kd7 33. Bf8 Ke8 34. Bd6 b4 35. f4 Bf6 36. Kf3 Be7 37. Be5 Kf7 38. g4 Nc3 39. a3 bxa3 40. Bxc3 Bf6 41. Bb4 a2 42. g5 a1Q 43. gxf6 Qxf6 44. Ba5 Qd4 45. b4 e5 46. fxe5 Qxe5 47. Kg4 Qe4+ 48. Kg3 Qe3+ 49. Kg4 g6 50. Bc7 h5+ 51. Kh4 Kf6 52. Bd8+ Kf5 0-1

[Event "Wch U08"]
[Site "Montesilvano"]
[Date "2024.11.20"]
[Round "6"]
[White "Stankowski, Wiktor"]
[Black "Hu, Junyan"]
[Result "1-0"]
[WhiteElo "1617"]
[BlackElo "1924"]
[PlyCount "113"]
[EventDate "2024.11.15"]
[EventType "swiss"]
[EventRounds "11"]
[EventCountry "ITA"]
[SourceTitle "CB48_2024"]
[SourceDate "2024.11.28"]
[SourceVersion "1"]
[SourceVersionDate "2024.11.28"]
[SourceQuality "1"]

1. e4 c5 2. Nf3 e6 3. d4 cxd4 4. Nxd4 Nf6 5. Nc3 Nc6 6. Ndb5 Bc5 7. Bf4 0-0 8. Bc7 Qe7 9. Bd6 Bxd6 10. Qxd6 Qd8 11. 0-0-0 a6 12. Nd4 Ne7 13. h4 b5 14. f3 Ne8 15. Qh2 b4 16. Nce2 a5 17. g4 a4 18. Kd2 d5 19. e5 Qb6 20. h5 Ba6 21. Ke1 Rc8 22. g5 Nc7 23. Qf4 Bxe2 24. Bxe2 Nc6 25. Nxc6 Qxc6 26. h6 g6 27. Qxb4 Rb8 28. Qc3 Qb6 29. b3 axb3 30. axb3 Rfc8 31. Qd4 Qc6 32. Rd2 Rb6 33. Kf2 Rcb8 34. Ra1 Rb4 35. Qe3 Rd8 36. f4 Re4 37. Qxe4 dxe4 38. Rxd8+ Ne8 39. Raa8 e3+ 40. Kg3 Kf8 41. Rxe8+ Qxe8 42. Rxe8+ Kxe8 43. Kf3 Kd7 44. Kxe3 f5 45. exf6 Ke8 46. b4 Kf7 47. b5 e5 48. b6 exf4+ 49. Kxf4 Kg8 50. b7 Kf7 51. Bc4+ Ke8 52. b8Q+ Kd7 53. Qb6 Ke8 54. Qe6+ Kd8 55. Qe7+ Kc8 56. Ba6+ Kb8 57. Qb7# 1-0